000 00353nam a2200109Ia 4500
008 200302s9999 xx 000 0 und d
100 _aJohn Punter and Mathew Carmona
245 _aThe Design Dimension of Planning Theory, Content and best practice for design policies
260 _bSpon Press Taylor and Francis Group
260 _c2007
300 _a399 P.,
999 _c3885
_d3885